| 000 | 00831nab a2200241u 4500 | ||
|---|---|---|---|
| 001 | 17029 | ||
| 003 | HDC | ||
| 007 | c| |||a|c|aaaa | ||
| 008 | 210221b20140603my ||||| |||| 00| 0 may d | ||
| 040 | _aHDC | ||
| 100 |
_aMahanum Abdul Aziz / _eauthor _98098 |
||
| 245 | 0 |
_aBizMula-i bantu peniaga baharu / _cMahanum Abdul Aziz |
|
| 336 |
_atext _2rdacontent |
||
| 337 |
_acomputer _2rdamedia |
||
| 338 |
_aonline resource _2rdacarrier |
||
| 650 |
_aCredit Guarantee Corporation Malaysia Berhad (CGC) _915814 |
||
| 650 |
_asmall and medium enterprises (SME) _97657 |
||
| 710 | _aBERITA HARIAN | ||
| 856 | _zRequest full-text at [email protected] | ||
| 942 | _2lcc | ||
| 942 | _cNEWS | ||
| 942 | _kNWSC 004965 | ||
| 999 |
_c14345 _d14345 |
||